[Event "FICGS W-ch st1 g06 email"]
[Site "FICGS email"]
[Date "2011.04.01"]
[Round "1"]
[White "Barradas, Anderson"]
[Black "Colarina, Floram"]
[Result "0-1"]
[WhiteElo "1196"]
[BlackElo "1625"]
[PlyCount "114"]
[EventDate "2011.??.??"]
[EventType "tourn (corr)"]
[EventRounds "8"]
[SourceTitle "Corr 2013"]
[Source "ChessBase"]
[SourceDate "2012.11.12"]
[SourceVersion "1"]
[SourceVersionDate "2012.11.12"]
[SourceQuality "1"]

1. e4 e5 2. Nf3 Nc6 3. Bb5 a6 4. Ba4 Nf6 5. d3 b5 6. Bb3 Be7 7. c3 0-0 8. 0-0 d6 9. Bg5 h6 10. Bxf6 Bxf6 11. Bd5 Bb7 12. b4 Rb8 13. a4 Ne7 14. Bxb7 Rxb7 15. axb5 axb5 16. d4 Ng6 17. dxe5 Nxe5 18. Nxe5 Bxe5 19. Ra2 Qh4 20. g3 Qxe4 21. Nd2 Qd3 22. Nb1 Qc4 23. Ra3 Rbb8 24. Nd2 Qd3 25. Qc1 Rfe8 26. c4 bxc4 27. Rxd3 cxd3 28. Qa3 c5 29. bxc5 dxc5 30. Qxd3 Bd4 31. Nf3 Bf6 32. Qd6 c4 33. Re1 Red8 34. Qa6 c3 35. h4 c2 36. g4 Rd1 37. Qe2 c1Q 38. Rxd1 Qb2 39. Qe4 Qb3 40. Rd3 Qb1+ 41. Kg2 g6 42. Nd2 Qb7 43. Qxb7 Rxb7 44. Ne4 Bxh4 45. f4 Be7 46. Rd5 Rb4 47. Kf3 Kf8 48. f5 gxf5 49. Rxf5 Kg7 50. Rh5 Kg6 51. Rd5 Rb3+ 52. Kf4 Ba3 53. Ra5 Bc1+ 54. Ke5 f6+ 55. Nxf6 Bb2+ 56. Ke6 Bxf6 57. Rf5 Rb6+ 0-1

[Event "FICGS class D 000165 email"]
[Site "FICGS email"]
[Date "2011.02.20"]
[Round "1"]
[White "Colarina, Floram"]
[Black "Piantadosi, Angelo"]
[Result "1-0"]
[WhiteElo "1469"]
[BlackElo "1405"]
[PlyCount "47"]
[EventDate "2011.??.??"]
[EventType "tourn (corr)"]
[EventRounds "5"]
[SourceTitle "Corr 2013"]
[Source "ChessBase"]
[SourceDate "2012.11.12"]
[SourceVersion "1"]
[SourceVersionDate "2012.11.12"]
[SourceQuality "1"]

1. d4 d5 2. c4 dxc4 3. Nc3 Nf6 4. e3 e6 5. Bxc4 c5 6. Nge2 Nc6 7. 0-0 cxd4 8. exd4 Be7 9. Bf4 a6 10. Nc1 b5 11. Bb3 Bb7 12. N1e2 0-0 13. Be5 Nxe5 14. dxe5 Ng4 15. Qxd8 Rfxd8 16. h3 Nxe5 17. f4 Nd3 18. f5 exf5 19. Rxf5 Nxb2 20. Rxf7 Kh8 21. Rxe7 Bc8 22. Rb1 Nc4 23. Bxc4 bxc4 24. Rb4 1-0

[Event "FICGS rapid D 000053 email"]
[Site "FICGS email"]
[Date "2011.02.20"]
[Round "1"]
[White "Piantadosi, Angelo"]
[Black "Colarina, Floram"]
[Result "0-1"]
[WhiteElo "1405"]
[BlackElo "1469"]
[PlyCount "72"]
[EventDate "2011.??.??"]
[EventType "tourn (rapid)"]
[EventRounds "4"]
[SourceTitle "Corr 2013"]
[Source "ChessBase"]
[SourceDate "2012.11.12"]
[SourceVersion "1"]
[SourceVersionDate "2012.11.12"]
[SourceQuality "1"]

1. e4 b6 2. Bc4 Bb7 3. Nc3 e6 4. d3 d5 5. exd5 exd5 6. Bb3 Nf6 7. Nf3 Bd6 8. 0-0 0-0 9. Re1 Nbd7 10. Bg5 c6 11. d4 a5 12. Nh4 h6 13. Be3 Ne4 14. Nxe4 dxe4 15. Qg4 Nf6 16. Qe2 a4 17. Bc4 b5 18. Bxb5 cxb5 19. Qxb5 Qd7 20. Qxd7 Nxd7 21. Nf5 Bc7 22. c4 Nb6 23. b3 Kh7 24. d5 Bc8 25. Ng3 f5 26. Ne2 f4 27. Bd4 Nd7 28. Nc3 axb3 29. axb3 Be5 30. Rxa8 Bxd4 31. Nxe4 Nb6 32. d6 Nxa8 33. c5 Bf5 34. c6 Nb6 35. Rd1 Bxe4 36. Rxd4 Bxc6 0-1

[Event "FICGS class D 000165 email"]
[Site "FICGS email"]
[Date "2011.02.20"]
[Round "1"]
[White "Rezack, Thomas J"]
[Black "Colarina, Floram"]
[Result "0-1"]
[WhiteElo "1514"]
[BlackElo "1469"]
[PlyCount "48"]
[EventDate "2011.??.??"]
[EventType "tourn (corr)"]
[EventRounds "5"]
[SourceTitle "Corr 2013"]
[Source "ChessBase"]
[SourceDate "2012.11.12"]
[SourceVersion "1"]
[SourceVersionDate "2012.11.12"]
[SourceQuality "1"]

1. e4 e6 2. d4 d5 3. Nc3 c5 4. exd5 exd5 5. dxc5 Bxc5 6. Qxd5 Qb6 7. Qe5+ Qe6 8. Nf3 Nf6 9. Qxe6+ Bxe6 10. Bb5+ Nbd7 11. Bg5 0-0 12. 0-0 a6 13. Be2 h6 14. Bh4 b5 15. a3 Nd5 16. Nxd5 Bxd5 17. Rad1 Nb6 18. b4 Bd6 19. Bg3 Bxg3 20. hxg3 Rfe8 21. Bd3 Rad8 22. Nd4 Nc4 23. Bxc4 Bxc4 24. Rfe1 Rxe1+ 0-1

[Event "FICGS class D 000165 email"]
[Site "FICGS email"]
[Date "2011.02.20"]
[Round "1"]
[White "Toutaoui, Khaled"]
[Black "Colarina, Floram"]
[Result "1-0"]
[WhiteElo "1497"]
[BlackElo "1469"]
[PlyCount "93"]
[EventDate "2011.??.??"]
[EventType "tourn (corr)"]
[EventRounds "5"]
[SourceTitle "Corr 2022"]
[Source "ChessBase"]
[SourceDate "2021.10.24"]
[SourceVersion "1"]
[SourceVersionDate "2021.10.24"]
[SourceQuality "1"]

1. e4 e5 2. Nf3 Nc6 3. d4 exd4 4. Nxd4 Nxd4 5. Qxd4 d6 6. Bc4 Qf6 7. Be3 Be7 8. Nd2 Qxd4 9. Bxd4 Bf6 10. c3 c5 11. Be3 Bd7 12. 0-0-0 Be6 13. f4 Ne7 14. Bxe6 fxe6 15. Nc4 d5 16. exd5 Nxd5 17. Nd6+ Kd7 18. Bxc5 b6 19. Ba3 Kc6 20. g3 Be7 21. Nc4 Bxa3 22. Nxa3 b5 23. Rhe1 Rhe8 24. Re2 a6 25. Rde1 Kd6 26. f5 e5 27. Nc2 a5 28. Nd4 b4 29. c4 Nc7 30. Nf3 e4 31. Rxe4 Rxe4 32. Rxe4 Rf8 33. Nh4 Rf6 34. g4 h6 35. Kc2 Na6 36. b3 Nc5 37. Rd4+ Kc6 38. Rd5 Kb6 39. Nf3 g6 40. Nh4 gxf5 41. Nxf5 Ne4 42. Rd4 Re6 43. Kb2 Kc7 44. a3 Nc3 45. h4 Rf6 46. h5 Ne2 47. Re4 1-0

[Event "FICGS rapid D 000049 email"]
[Site "FICGS email"]
[Date "2010.12.08"]
[Round "1"]
[White "Leurette, Marc Antoine"]
[Black "Colarina, Floram"]
[Result "0-1"]
[WhiteElo "1465"]
[BlackElo "1455"]
[PlyCount "52"]
[EventDate "2010.??.??"]
[EventType "tourn (rapid)"]
[EventRounds "6"]
[SourceTitle "Corr 2013"]
[Source "ChessBase"]
[SourceDate "2012.11.12"]
[SourceVersion "1"]
[SourceVersionDate "2012.11.12"]
[SourceQuality "1"]

1. e4 b6 2. d4 Bb7 3. Nc3 e6 4. Nf3 Bb4 5. Bd2 Bxc3 6. Bxc3 Nf6 7. e5 Nd5 8. Qd3 Nxc3 9. Qxc3 0-0 10. Be2 d6 11. 0-0-0 c5 12. dxc5 d5 13. cxb6 axb6 14. Kb1 Nc6 15. Bb5 Na7 16. Nd4 Nxb5 17. Nxb5 Qg5 18. g3 Rfc8 19. Nc7 Ra5 20. f4 Qe7 21. Qb3 Qxc7 22. Rd2 Ba6 23. Rc1 Bc4 24. Qa3 Rxa3 25. bxa3 Qc5 26. Kb2 Bb5 0-1

[Event "FICGS class D 000161 email"]
[Site "FICGS email"]
[Date "2010.11.27"]
[Round "1"]
[White "Colarina, Floram"]
[Black "Piantadosi, Angelo"]
[Result "1-0"]
[WhiteElo "1455"]
[BlackElo "1481"]
[PlyCount "57"]
[EventDate "2010.??.??"]
[EventType "tourn (corr)"]
[EventRounds "4"]
[SourceTitle "Corr 2013"]
[Source "ChessBase"]
[SourceDate "2012.11.12"]
[SourceVersion "1"]
[SourceVersionDate "2012.11.12"]
[SourceQuality "1"]

1. e4 e6 2. d4 d5 3. e5 c5 4. c3 Nc6 5. Nf3 Qb6 6. Be2 Bd7 7. 0-0 cxd4 8. cxd4 Nge7 9. b3 Ng6 10. Nc3 Be7 11. Re1 0-0 12. Na4 Qd8 13. g3 b6 14. Nc3 Rc8 15. a3 h5 16. Bd2 h4 17. Kg2 f5 18. Ng1 f4 19. Bh5 Be8 20. Qg4 Ngxe5 21. dxe5 Bxh5 22. Qxh5 Rf5 23. Qg6 Qd7 24. Bxf4 Nd4 25. Bh6 Bf8 26. g4 Rf7 27. Nh3 Rxc3 28. Ng5 Rf4 29. Qh7# 1-0

[Event "FICGS class D 000161 email"]
[Site "FICGS email"]
[Date "2010.11.27"]
[Round "1"]
[White "Palla, Vit"]
[Black "Colarina, Floram"]
[Result "0-1"]
[WhiteElo "1500"]
[BlackElo "1455"]
[PlyCount "46"]
[EventDate "2010.??.??"]
[EventType "tourn (corr)"]
[EventRounds "4"]
[SourceTitle "Corr 2013"]
[Source "ChessBase"]
[SourceDate "2012.11.12"]
[SourceVersion "1"]
[SourceVersionDate "2012.11.12"]
[SourceQuality "1"]

1. e4 g6 2. d4 Bg7 3. c4 e6 4. Nc3 b6 5. Nf3 Bb7 6. Be2 c5 7. d5 d6 8. 0-0 e5 9. h3 Ne7 10. Be3 0-0 11. Qd2 Ba6 12. h4 Nd7 13. Ng5 Nf6 14. g4 Bc8 15. f3 h6 16. Nh3 Kh7 17. f4 Nxg4 18. Bxg4 Bxg4 19. Qg2 Qd7 20. Nf2 Bh5 21. Rae1 Bf6 22. Qg3 exf4 23. Bxf4 Rad8 0-1

[Event "FICGS no engines 00 email"]
[Site "FICGS email"]
[Date "2010.11.14"]
[Round "1"]
[White "Bhandarkar, Dinesh"]
[Black "Colarina, Floram"]
[Result "1-0"]
[WhiteElo "1726"]
[BlackElo "1453"]
[PlyCount "59"]
[EventDate "2010.??.??"]
[EventType "swiss (corr)"]
[EventRounds "1"]
[SourceTitle "Corr 2013"]
[Source "ChessBase"]
[SourceDate "2012.11.12"]
[SourceVersion "1"]
[SourceVersionDate "2012.11.12"]
[SourceQuality "1"]

1. e4 e5 2. Nf3 Nc6 3. Bc4 Bc5 4. b4 Bxb4 5. c3 Be7 6. d4 d6 7. Qb3 Kf8 8. Bxf7 Nf6 9. Ng5 Na5 10. Qa4 h6 11. Ne6+ Bxe6 12. Bxe6 c5 13. d5 a6 14. 0-0 b5 15. Qc2 c4 16. Be3 g5 17. Nd2 Ne8 18. a4 Ng7 19. Bg4 Ne8 20. axb5 axb5 21. Rfb1 Rb8 22. Qa2 Ra8 23. Rxb5 Nf6 24. Bf5 Ne8 25. Rxa5 Rxa5 26. Qxa5 Qxa5 27. Rxa5 Nc7 28. Bb6 Bd8 29. Nxc4 Ke7 30. Ra7 1-0

[Event "FICGS unrated 00001 email"]
[Site "FICGS email"]
[Date "2010.10.24"]
[Round "1"]
[White "Riha, Josef"]
[Black "Colarina, Floram"]
[Result "1-0"]
[WhiteElo "2041"]
[BlackElo "1453"]
[PlyCount "49"]
[EventDate "2010.??.??"]
[EventType "swiss (corr)"]
[EventRounds "1"]
[SourceTitle "Corr 2013"]
[Source "ChessBase"]
[SourceDate "2012.11.12"]
[SourceVersion "1"]
[SourceVersionDate "2012.11.12"]
[SourceQuality "1"]

1. e4 c5 2. d4 cxd4 3. Nf3 Nc6 4. Nxd4 d6 5. Nc3 Bd7 6. Be2 Nf6 7. 0-0 g6 8. Nxc6 Bxc6 9. Be3 Bg7 10. e5 Ne4 11. Nxe4 Bxe4 12. exd6 exd6 13. Bb5+ Bc6 14. Bxc6+ bxc6 15. Bf4 Be5 16. Bxe5 dxe5 17. Re1 f6 18. Qf3 Rc8 19. Qe3 Qe7 20. f4 0-0 21. fxe5 Rce8 22. e6 f5 23. Rad1 Rf6 24. Rd7 Qxe6 25. Qb3 1-0

[Event "FICGS rapid D 000046 email"]
[Site "FICGS email"]
[Date "2010.10.10"]
[Round "1"]
[White "Bizet, Patrick"]
[Black "Colarina, Floram"]
[Result "0-1"]
[WhiteElo "1326"]
[BlackElo "1453"]
[PlyCount "76"]
[EventDate "2010.??.??"]
[EventType "tourn (rapid)"]
[EventRounds "6"]
[SourceTitle "Corr 2013"]
[Source "ChessBase"]
[SourceDate "2012.11.12"]
[SourceVersion "1"]
[SourceVersionDate "2012.11.12"]
[SourceQuality "1"]

1. e4 Nc6 2. d4 e6 3. Nf3 b6 4. c4 Ba6 5. b3 Bb4+ 6. Bd2 Nge7 7. Bxb4 Nxb4 8. a3 Nbc6 9. Be2 0-0 10. 0-0 d5 11. Nc3 dxc4 12. bxc4 Na5 13. Qa4 Bb7 14. Rfd1 Qc8 15. c5 Ba6 16. Nb5 Bxb5 17. Bxb5 c6 18. Bd3 Qc7 19. Rac1 Rac8 20. Bb1 b5 21. Qc2 Nc4 22. Rd3 Ng6 23. Rc3 e5 24. Ba2 exd4 25. Nxd4 Nge5 26. f4 Ng4 27. Bxc4 bxc4 28. e5 Qa5 29. a4 Qxc5 30. Rxc4 Qb6 31. Qe4 Rfd8 32. h3 Nh6 33. Kh2 c5 34. Nf5 Nxf5 35. Qxf5 Rc6 36. h4 Rh6 37. h5 g6 38. Qg5 Rxh5+ 0-1

[Event "FICGS rapid D 000046 email"]
[Site "FICGS email"]
[Date "2010.10.10"]
[Round "1"]
[White "Budnar, Milos"]
[Black "Colarina, Floram"]
[Result "0-1"]
[WhiteElo "1382"]
[BlackElo "1453"]
[PlyCount "82"]
[EventDate "2010.??.??"]
[EventType "tourn (rapid)"]
[EventRounds "6"]
[SourceTitle "Corr 2013"]
[Source "ChessBase"]
[SourceDate "2012.11.12"]
[SourceVersion "1"]
[SourceVersionDate "2012.11.12"]
[SourceQuality "1"]

1. e4 c6 2. d4 d5 3. Nc3 g6 4. Nf3 Bg7 5. Be3 Nf6 6. Bd3 dxe4 7. Nxe4 Bf5 8. Nxf6+ Bxf6 9. Bxf5 gxf5 10. 0-0 Na6 11. c3 Nc7 12. Bh6 Rg8 13. Ne5 Qd5 14. Nf3 0-0-0 15. Bf4 Rg4 16. g3 Ne6 17. h3 Rg6 18. Kh2 Nxf4 19. gxf4 Qd6 20. Ne5 Rg7 21. Rg1 Rdg8 22. Qh5 h6 23. Qxh6 Bxe5 24. Qxd6 Bxd6 25. Rxg7 Rxg7 26. Kh1 Bxf4 27. Rd1 Kc7 28. d5 cxd5 29. Rxd5 e6 30. Rd1 Kc6 31. Rg1 Rxg1+ 32. Kxg1 b5 33. b3 Kc5 34. a4 Bd2 35. b4+ Kc4 36. axb5 Bxc3 37. h4 Kxb4 38. h5 Bd2 39. Kg2 Kxb5 40. Kh3 a5 41. Kg3 e5 0-1

[Event "FICGS rapid D 000046 email"]
[Site "FICGS email"]
[Date "2010.10.10"]
[Round "1"]
[White "Colarina, Floram"]
[Black "Leurette, Marc Antoine"]
[Result "0-1"]
[WhiteElo "1453"]
[BlackElo "1497"]
[PlyCount "66"]
[EventDate "2010.??.??"]
[EventType "tourn (rapid)"]
[EventRounds "6"]
[SourceTitle "Corr 2013"]
[Source "ChessBase"]
[SourceDate "2012.11.12"]
[SourceVersion "1"]
[SourceVersionDate "2012.11.12"]
[SourceQuality "1"]

1. d4 d5 2. c4 dxc4 3. Nc3 Nf6 4. a4 e6 5. Nf3 Bb4 6. Qc2 c5 7. dxc5 Bxc3+ 8. Qxc3 Qd5 9. Be3 Nbd7 10. Rd1 Qc6 11. Qxc4 b6 12. b4 Qxa4 13. c6 Nb8 14. Ne5 0-0 15. Bd4 Ba6 16. Qc3 Nd5 17. Qa1 Qxb4+ 18. Rd2 Rc8 19. e3 Bxf1 20. Rxf1 Nxc6 21. Nxc6 Rxc6 22. Ke2 Qc4+ 23. Kf3 f5 24. g3 a5 25. h3 Nb4 26. Bxg7 Nc2 27. Qe5 Qxf1 28. Bh8 Ne1+ 29. Kf4 Rc4+ 30. Rd4 Qxf2+ 31. Kg5 Nf3+ 32. Kh6 Nxe5 33. Bxe5 Rxd4 0-1

[Event "FICGS class D 000157 email"]
[Site "FICGS email"]
[Date "2010.09.25"]
[Round "1"]
[White "Colarina, Floram"]
[Black "Rezack, Thomas J"]
[Result "1-0"]
[WhiteElo "1453"]
[BlackElo "1600"]
[PlyCount "75"]
[EventDate "2010.??.??"]
[EventType "tourn (corr)"]
[EventRounds "6"]
[SourceTitle "Corr 2013"]
[Source "ChessBase"]
[SourceDate "2012.11.12"]
[SourceVersion "1"]
[SourceVersionDate "2012.11.12"]
[SourceQuality "1"]

1. e4 e5 2. Nf3 Nc6 3. d4 exd4 4. Nxd4 Nf6 5. f3 Bb4+ 6. c3 Bc5 7. Be3 Ne5 8. Be2 a6 9. 0-0 0-0 10. Nd2 d5 11. Qc2 c6 12. N2b3 Ba7 13. Kh1 h6 14. Rad1 Qc7 15. Bf4 Nfd7 16. Rfe1 Bb8 17. exd5 cxd5 18. Nf5 Nf6 19. g4 Be6 20. Bd3 Nfd7 21. Nbd4 Bxf5 22. Bxf5 Qc4 23. b3 Qc7 24. Bxd7 Qxd7 25. Bxe5 Bxe5 26. Rxe5 Rae8 27. Rde1 Rxe5 28. Rxe5 b5 29. Qf5 Qc7 30. Re3 Qc5 31. g5 g6 32. Qf6 h5 33. f4 a5 34. f5 b4 35. fxg6 fxg6 36. Qxg6+ Kh8 37. Nf5 Qc7 38. Re7 1-0

[Event "FICGS theme 0001 email"]
[Site "FICGS email"]
[Date "2010.09.18"]
[Round "1"]
[White "Colarina, Floram"]
[Black "Domingo Gadea, Jordi"]
[Result "0-1"]
[WhiteElo "1453"]
[BlackElo "1970"]
[PlyCount "38"]
[EventDate "2010.??.??"]
[EventType "swiss (corr)"]
[EventRounds "1"]
[SourceTitle "Corr 2013"]
[Source "ChessBase"]
[SourceDate "2012.11.12"]
[SourceVersion "1"]
[SourceVersionDate "2012.11.12"]
[SourceQuality "1"]

1. b4 c5 2. bxc5 e5 3. Bb2 Nc6 4. g3 Bxc5 5. Bg2 Qb6 6. Qc1 Bxf2+ 7. Kf1 Nf6 8. e3 Ng4 9. Nh3 Bxe3 10. Nc3 Bxd2 11. Qxd2 Ne3+ 12. Ke2 Nd4+ 13. Kf2 Ndxc2 14. Na4 Ng4+ 15. Ke2 Qb5+ 16. Kf3 Qxa4 17. Rhc1 e4+ 18. Ke2 Qb5+ 19. Kd1 Nge3+ 0-1

[Event "FICGS class D 000156 email"]
[Site "FICGS email"]
[Date "2010.09.18"]
[Round "1"]
[White "Colarina, Floram"]
[Black "Makosiej, Wladyslaw"]
[Result "1-0"]
[WhiteElo "1453"]
[BlackElo "1435"]
[PlyCount "33"]
[EventDate "2010.??.??"]
[EventType "tourn (corr)"]
[EventRounds "6"]
[SourceTitle "Corr 2013"]
[Source "ChessBase"]
[SourceDate "2012.11.12"]
[SourceVersion "1"]
[SourceVersionDate "2012.11.12"]
[SourceQuality "1"]

1. d4 Nf6 2. c4 g6 3. Nc3 Bg7 4. e4 d6 5. Be3 0-0 6. Bd3 e5 7. Nge2 Bg4 8. f3 Bd7 9. 0-0 c6 10. Rc1 Na6 11. a3 Nc7 12. Ng3 Ne6 13. d5 Nf4 14. Bb1 h5 15. Nge2 Bh6 16. Nxf4 Bxf4 17. Bxf4 1-0

[Event "FICGS class D 000156 email"]
[Site "FICGS email"]
[Date "2010.09.18"]
[Round "1"]
[White "Colarina, Floram"]
[Black "Meraiya, Harshil Arunkumar"]
[Result "0-1"]
[WhiteElo "1453"]
[BlackElo "1400"]
[PlyCount "104"]
[EventDate "2010.??.??"]
[EventType "tourn (corr)"]
[EventRounds "6"]
[SourceTitle "Corr 2013"]
[Source "ChessBase"]
[SourceDate "2012.11.12"]
[SourceVersion "1"]
[SourceVersionDate "2012.11.12"]
[SourceQuality "1"]

1. f4 d5 2. Nf3 Nc6 3. d3 d4 4. e3 Bg4 5. Be2 dxe3 6. Bxe3 e6 7. 0-0 Nf6 8. h3 Bh5 9. Ne5 Bxe2 10. Qxe2 Nd4 11. Qf2 Nf5 12. Nd2 Be7 13. Bc5 0-0 14. Kh2 Bxc5 15. Qe1 Ne3 16. Nb3 Nxf1+ 17. Qxf1 Be3 18. Qf3 Nd5 19. g3 f6 20. Ng4 Bb6 21. Re1 Qd6 22. d4 Nb4 23. c3 Nc6 24. Ne3 Qd7 25. a4 a5 26. Nc4 f5 27. Nxb6 cxb6 28. Nd2 Ne7 29. b3 Rf6 30. Nc4 Nd5 31. Ne5 Qc8 32. c4 Nb4 33. g4 Qc7 34. g5 Rff8 35. Re2 Rfd8 36. Qc3 Qd6 37. Rd2 g6 38. Kg3 Nc6 39. Nf3 Re8 40. d5 exd5 41. Rxd5 Qc7 42. Qd2 Re7 43. h4 Rae8 44. Rd6 Qc8 45. Qd5+ Kh8 46. h5 gxh5 47. Kh4 Re4 48. Qd2 Rxf4+ 49. Kg3 h4+ 50. Kg2 Rg4+ 51. Kf2 h3 52. Rd7 Rg2+ 0-1